Name The Country From Its Coat of Arms - Statistics

General Stats
  • This quiz has been taken 69 times
  • The average score is 15 of 20
Answer Stats
Picture Answer % Correct
Germany
97%
Malta
93%
Albania
92%
Iceland
92%
Poland
92%
Ireland
90%
Slovakia
88%
France
87%
Ukraine
83%
Portugal
82%
Finland
78%
Sweden
75%
Greece
72%
Lithuania
68%
Canada
67%
Belgium
65%
Switzerland
63%
Haiti
55%
Latvia
53%
Macedonia
25%
No matching quizzes found
Score Distribution
Percent of People with Each Score
Percentile by Number Answered
Your Score History
You have not taken this quiz